| 000 | 01087cam a22002895a 4500 | ||
|---|---|---|---|
| 001 | E142657 | ||
| 008 | 080227s200802 xxkdoa f 000 0 eng d | ||
| 020 | _a9781848060302 | ||
| 035 | _a(Sirsi) u142657 | ||
| 041 | _aeng | ||
| 050 |
_a694.01 _c18 |
||
| 100 | _aDoran, Sean | ||
| 245 |
_aTimber-frame dwellings _bsection six of the domestic technical handbook (Scotland), energy |
||
| 260 |
_aGarston _bIHS BRE _c2008 |
||
| 300 |
_a28p. _bill. _c30cm. |
||
| 490 |
_aBRE Special Digest _vSD6 |
||
| 520 | _aExplains how the requirements of the Building (Scotland) Regulations for energy can be satisfied using timber-frame construction. Provides information on the relevant regulations, showing various routes to compliance together with a number of examples. | ||
| 521 | _aAdvanced | ||
| 590 | _aKA | ||
| 650 | 2 | 4 | _aDIRECTIVE 2002/91/EC |
| 650 | 2 | 4 | _aENERGY PERFORMANCE |
| 651 | 4 |
_aScotland _y1999- |
|
| 690 | _aBUILT ENVIRONMENT-BUILDING MATERIALS-TIMBER | ||
| 690 |
_aBuilding regulations _96224 |
||
| 710 |
_aBuilding Research Establishment Scotland _95512 |
||
| 942 | _n0 | ||
| 999 |
_c107931 _d107931 |
||